Η μεσαιωνική Ρόδος : με βάση το χειρόγραφο και την εικονογράφηση του Johannes Hedenborg 1854 = The medieval Rhodes : based on the manuscript and illustrations of Johannes Hedenborg 1854
Αποθηκεύτηκε σε:
| Κύριος συγγραφέας: | |
|---|---|
| Μορφή: | Βιβλίο |
| Γλώσσα: | Greek |
| Δημοσίευση: |
[Θεσσαλονίκη] :
Σταμούλης,
2004.
|
| Θέματα: | |
| Ετικέτες: |
Προσθήκη ετικέτας
Δεν υπάρχουν, Καταχωρήστε ετικέτα πρώτοι!
|
MARC
| LEADER | 00000cam a2200000 i 4500 | ||
|---|---|---|---|
| 001 | 1/69098 | ||
| 008 | 041217s2004 gr | ||| |||| ||gre|| | ||
| 020 | |a 9608353483 | ||
| 035 | |l 10075896 | ||
| 040 | |a GR-MY-UA |b gre |e aacr | ||
| 041 | 0 | |a gre | |
| 082 | 7 | |a 938.977 |2 (21) | |
| 100 | 1 | |a Στεφανίδου, Αλεξάνδρα Στ. | |
| 245 | 1 | 2 | |a Η μεσαιωνική Ρόδος : |b με βάση το χειρόγραφο και την εικονογράφηση του Johannes Hedenborg 1854 = The medieval Rhodes : based on the manuscript and illustrations of Johannes Hedenborg 1854 / |c Αλεξάνδρα Στ. Στεφανίδου. |
| 246 | 2 | 1 | |a The medieval Rhodes ; |b based on the manuscript and illustrations of Johannes Hedenborg. |
| 260 | |a [Θεσσαλονίκη] : |b Σταμούλης, |c 2004. | ||
| 300 | |a 128 σ. : |b εικ. ; |c 24 εκ. | ||
| 651 | 0 | |a Rhodes (Greece : Island) |x History. | |
| 600 | 1 | 0 | |a Hedenborg, Johannes, |d 1786-1865. |
| 852 | |a INST |b RHODES |e 20041217 |h 938.977 ΣΤΕ |p 005400017950 |q 005400017950 |t BK |y 0 | ||
| 852 | |a INST |b RHODES |e 20050411 |h 938.977 ΣΤΕ |p 005400023574 |q 005400023574 |t BK |y 0 | ||
| 901 | |a BIBL4-2004-3 | ||
| 970 | |a ΚΟΖΑ |b ΜΑΡΙΑ |z 2005/04/11 | ||